01283nam a22002535i 4500001000700000003000900007005001700016008004100033080002100074100004100095245017000136260003200306300002100338490002900359500002700388500032400415500003800739597002200777830003700799852003900836942000800875999001900883952012700902176526ES-MaACL20250122063028.0110120s1940 sp a |||| | spa d a821.134.2-22"19"1 aTomás, Mariano,9239478d1891-195710aGarcilaso de la Vega b: comedia dramática original y en verso, en tres actos y cinco cuadros, con una canción del maestro Aurelio González /cMariano Tomás. aMadrid : b[s. n., c1940?] a74 p. ; c17 cm.1 aBiblioteca teatral ; v3 aAnteportada ilustrada. aEn port. : Estrenada en el Teatro Principal de San Sebastián el día 22 de Enero de 1939, interpretando el papel de protagonista el eminente actor Rafael Rivelles, y estrenada en el Teatro Español de Madrid el día 23 de Diciembre de 1940, interpretando el papel de protagonista el gran poeta Manuel de Góngora. aEncuadernado con otros títulos. aEn el lomo: 2-15.0 aBiblioteca teatral ; v39190120 aES-MaACLjE-14121 (3) xOlim P-302 2udc c176526d176526 00104070aATENEOMbATENEOMcDEPO2d2011-01-20eDONl0oE-14121 (3)p1185387r2023-02-23 00:00:00w2023-02-23yMONOGRAFIA